La efectividad de las políticas públicas en Colombia : (Registro nro. 4282)

Detalles MARC
000 -CABECERA
Campo de control 01009nam a2200265 a 4500
005 - FECHA Y HORA DE LA ULTIMA TRANSACCION
Campo de control 20160610101824.0
008 - ELEMENTOS DE LONGITUD FIJA—INFORMACION GENERAL
Campo de control 980625s1997 ck b f001 0 spa d
020 ## - ISBN
ISBN 9586017419
040 ## - FUENTE DE CATALOGACIÓN
Agencia catalogadora original DIDB
Agencia transcriptora DIDB
Agencia Modificadora DLC
-- CO-BoIAVH
041 0# - IDIOMA
Código de idioma para texto/pista de sonido o título separado Español
044 ## - PAÍS DE PUBLICACIÓN
País de publicación Colombia
082 04 - NUMERO DE CLASIFICACION DECIMAL DEWEY
Número de clasificación 352.34
Número del ítem V66e
100 2# - ASIENTO PRINCIPAL--NOMBRE PERSONAL
Nombre personal Wiesner Durán, Eduardo.
Término relacionado autor
9 (RLIN) 71557
245 13 - MENCION DE TITULO
Título La efectividad de las políticas públicas en Colombia :
Parte restante del título un análisis neoinstitucional /
Mención de responsabilidad por Eduardo Wiesner Durán.
250 ## - MENCION DE EDICION
Mención de edición Primera edición
260 ## - PUBLICACION, DISTRIBUCION, ETC. (PIE DE IMPRENTA)
Lugar de publicación, distribución, etc. Santafé de Bogotá :
Nombre del editor, distribuidor, etc. Tercer Mundo Editores :
-- Departamento Nacional de Planeación,
Fecha de publicación, distribución, etc. 1997.
300 ## - DESCRIPCION FISICA
Extensión xxv, 308 páginas ;
Dimensiones 23 x 16 cm.
490 0# - MENCION DE SERIE
Mención de serie Colección Editorial 40 años
500 ## - NOTA GENERAL
Nota general Incluye índice.
504 ## - NOTA DE BIBLIOGRAFIA, ETC.
Nota de bibliografía Incluye referencias bibliográficas : páginas 289-301.
650 26 - ASIENTO SECUNDARIO DE MATERIA - TERMINO TEMATICO
Término temático o nombre geográfico como elemento de entrada Infraestructura económcia
Subdivisión geográfica Colombia.
9 (RLIN) 71558
651 26 - ASIENTO SECUNDARIO DE MATERIA - NOMBRE GEOGRAFICO
Nombre geográfico Colombia
Subdivisión general Política económica
9 (RLIN) 71559
651 26 - ASIENTO SECUNDARIO DE MATERIA - NOMBRE GEOGRAFICO
Nombre geográfico Colombia
Subdivisión general Situación económica
Subdivisión cronológica 1970-
9 (RLIN) 71560
942 ## - ELEMENTOS ADICIONALES (KOHA)
Sistema de clasificación Dewey Decimal Classification
Tipo de ítem Libro
Existencias
Withdrawn status Lost status Sistema de Clasificación Damaged status No para préstamo Colección Inventariado Ubicación Permanente Ubicación actual Fecha de adquisición Fuente de Valor Valor Total Checkouts Número topográfico Inventario / Código de Barras Date last seen Ejemplar Price effective from Forma de adquisición Tipo de material
    Dewey Decimal Classification     General Inventariado 2017 Sala Fabio Quevedo Sala Fabio Quevedo 21/01/2005 Instituto 39000.00   LB-352.34 V66e 017024 04/12/2012 Ej. 1 04/12/2012 Donación Libro